000 01372nam0a2200277 4500
001 rc\2567001
005 20250623110930.0
035 _a(NLR Aleph) 006731812
090 _a5552095
_c5552095
100 _a20110914d1927 |||y0rusy50 ca
101 0 _arus
102 _aRU
105 _ay|||z|||000ay
200 1 _aКоровий суд
_eагро-комедия в 3 картинах
_fН. Гончарова-Викторова
_gс прилож. статьи худож. Дмитриева о том, как сделать маски и костюмы для исполнителей
210 _aМосква
_aЛенинград
_cМОДП и К
_d1927
215 _a31 с.
_d17
300 _aНа обл.: С. Г.
464 0 _12001#$aКак сделать маски животных$fДмитриев Л.К.
_1700#1$aДмитриев$bЛ. К.$gЛеонид Константинович$3RU\NLR\AUTH\770244982
_tКак сделать маски животных
_aДмитриев, Леонид Константинович
700 1 _7ca
_8rus
_aГончарова-Викторова
_bН. П.
_f1898-
_gНаталия Петровна
_9244918
_3RU\NLR\AUTH\770244974
702 1 _aДмитриев
_4570
801 0 _aRU
_bNLR
_gpsbo
801 1 _aRU
_bELAR
_2rusmarc
852 _aNLR
_j41/1780
942 _cBOOK
980 _aNB